Music Quiz

Random Music or Bands Quiz

This or That Albums: The Who Quiz Stats

 Plays Quiz not verified by Sporcle

Score 0/14 Timer 03:00
0 Plays Today
% Correct
Who's Next
94.3%
Who's Next
94.3%
Quadrophenia
93.8%
Who's Next
93.3%
Quadrophenia
92.8%
Quadrophenia
91.8%
Quadrophenia
90.7%
% Correct
Quadrophenia
90.2%
Who's Next
88.7%
Who's Next
87.1%
Quadrophenia
87.1%
Who's Next
85.6%
Who's Next
85.1%
Quadrophenia
83.5%

You're not logged in!

Compare scores with friends on all Sporcle quizzes.
OR
Log In

Sporcle TV

Today on Sporcle TV


Watch our educational content, quiz creation guides, and fun videos on Sporcle TV.

Show Comments

Extras

Top Quizzes Today


Score Distribution

Your Account Isn't Verified!

In order to create a playlist on Sporcle, you need to verify the email address you used during registration. Go to your Sporcle Settings to finish the process.

Report this User

Report this user for behavior that violates our Community Guidelines.

Details: